Rethinking revolutions : (Record no. 105871)

MARC details
000 -LEADER
fixed length control field 00724nam a22002057a 4500
005 - DATE AND TIME OF LATEST TRANSACTION
control field 20170117123045.0
010 ## - LCCN (DPL NO)
LC control number ENG-117081
020 ## - INTERNATIONAL STANDARD BOOK NUMBER
International Standard Book Number 9780199465330
Terms of availability 875.00
020 ## - INTERNATIONAL STANDARD BOOK NUMBER
International Standard Book Number 0199465339
Terms of availability 875.00
035 ## - SYSTEM CONTROL NUMBER
System control number EN-100613
037 ## - SOURCE OF ACQUISITION
Source of stock number/acquisition DBAD/PUB
082 ## - DEWEY DECIMAL CLASSIFICATION NUMBER
Classification number 338.109543
100 ## - MAIN ENTRY--PERSONAL NAME
Personal name Richa Kumar
245 ## - TITLE STATEMENT
Title Rethinking revolutions :
Statement of responsibility, etc by Richa Kumar
Remainder of title soyabean, choupals, and the changing countryside in central India /
260 ## - PUBLICATION, DISTRIBUTION, ETC. (IMPRINT)
Name of publisher, distributor, etc Oxford University Press
Date of publication, distribution, etc 2016
Place of publication, distribution, etc New Delhi
270 ## - ADDRESS
Address YMCA Library Building, 1 Jai Singh Road
City New Delhi
Postal code 110001
300 ## - PHYSICAL DESCRIPTION
Extent xii,398p.
Dimensions 22cm(Hb)
Other physical details ill (maps)
500 ## - GENERAL NOTE
General note Includes bibliographical references and index
942 ## - ADDED ENTRY ELEMENTS (KOHA)
Source of classification or shelving scheme Dewey Decimal Classification
Item type English Books
Classification part 338.109543
Call number suffix RIC
Holdings
Withdrawn status Lost status Not for loan Collection code Home library Current library Date acquired Source of acquisition Cost, normal purchase price Full call number Barcode Copy number Cost, replacement price Koha item type
      Non-fiction Central Jail Tihar Central Jail Tihar 17/01/2017 DBAD/PUB 875.00 338.109543 RIC EN-100613 1 875.00 English Books

© Delhi Public Library
Hit Counter
free hit counter